01352nab a2200205 i 4500001000400000003000400004005001700008008003900025040000800064041000800072044000800080100011900088245016300207260001000370500012400380520031500504773007600819700011900895700013201014BPPBPK20191005125034.0151204s2002 NDL n f |000 0eng cBPK aeng aNDL aPATRYN, Aleksy.d1996 - .bPolitechnika Koszalińska - Wydział Elektroniki,cKatedra Elektroniki Ciała Stałego aThe influence of the composition of Si-Ge mixed crystals on thermal diffusivity - photoacoustic approach /cA. Patrin, N. Abrosimov, M. Maliński, L. Bychto. c2002. asprawozdanie jednostki (Informator o publikowanych wynikach prac naukowo-badawczych w 2002 roku Wydziału Elektroniki). aThe paper presents the results of the photoacoustic experiments performed on a series of Si1~(-~(x~(Gex~( samples for x in the range 0-8%. The influence of the alloy composition on the thermal diffusivity and the correlation between the thermal diffusivity and thermal conductivity are presented and discussed. iW :tSolar Energy Materials & Solar Cells. -g2002, Vol. 72, s. 579-587 aBYCHTO, Leszek.d1996 - .bPolitechnika Koszalińska - Wydział Elektroniki,cKatedra Elektroniki Ciała Stałego aMaliński, MirosławeAutord1996 - .bPolitechnika Koszalińska - Wydział Elektroniki,cKatedra Elektroniki Ciała Stałego